| 000 | 00331nam a2200109Ia 4500 | ||
|---|---|---|---|
| 008 | 200302s9999 xx 000 0 und d | ||
| 100 | _aEnis Aldallal and Others | ||
| 245 | _aSite and composition design strategies in architecture and urbanism 9th ed. | ||
| 260 | _bRoutledge Taylor and Francis Group | ||
| 260 | _c2016 | ||
| 300 | _a182 | ||
| 999 |
_c6579 _d6579 |
||